01459nam a2200397 a 4500008004100000020001500041041000800056100002300064245011300087250001200200260007500212300001700287500015700304653005200461653001900513653001900532653002400551653002400575653004900599653002300648653001200671653002300683653003200706653003000738653002700768653003300795653004500828653003200873653004300905653001700948653001500965653001300980653002800993700002101021700001901042120904s2010 us ||||f |||| 00| 0 eng d a9996058492 aeng1 aMandell. Gerald L. aMandell, Douglas and Bennett“s. Principles and practice of infectious diseases.bVol.2 /cGerald L. Mandell a7th ed. aPhiladelphia [Estados Unidos]:bElsevier-Churchill Livingstone;c2010. a1905-4028 p. aMandell, G. L., Bennett, J. E. y Dolin, R. (2010). Priniciples and practice of infections diseases. T.2 (7th ed.). Philadelphia : Churchill Livingstone. aInfectious diseases and their etiologic agents  aViral diseases aPrion diseases aChlamydial diseases aMycoplasma diseases aRickettioses, Ehrlichioses, and anaplasmosis aBacterial diseades aMycoses aProtozoal diseases aDiseases due to toxic algae aDiseases due to helminths aEctoparasitic diseases aDiseases of unknown etiology aSpecial problems - Nosocomial infections ainfections in special hosts aSurgical and trauma-related infections aInmunization aBiodefense aZoonoses aProtection of travelers1 aBennett, John E.1 aDolin, Raphael